000 02445nam1a2200325 i 4500
001 RU\NLR\BIBL_A\022085399
005 20260409063128.0
010 _a9785950905681
_bобщий
035 _a(NLR Aleph) 022085399
090 _a12701311
_c12701311
100 _a20231130g20239999k y0rusy50 ca
101 0 _arus
_deng
102 _aRU
105 _a z
181 0 _ai
_baxxe
182 0 _an
200 1 _aРазвитие инфраструктуры внутреннего водного транспорта: традиции, инновации (РИВВТ-2022)
_eсборник трудов межвузовской научно-практической конференции студентов, аспирантов и молодых ученых, 1 декабря 2022 года
_fФедеральное агентство морского и речного транспорта, Федеральное государственное бюджетное образовательное учреждение высшего образования Государственный университет морского и речного флота имени адмирала С. О. Макарова
203 _aТекст
_bвизуальный
_cнепосредственный
210 _aСанкт-Петербург
_cИзд-во ГУМРФ имени адмирала С. О. Макарова
_d2023
215 _d21
313 _aПред. конф. 2022 г.
606 1 _aВодный транспорт
_jСъезды, совещания и т.п
_yРоссийская Федерация
_92154063
_3RU\NLR\AUTH\661296922
686 1 _aО4я431(2)3
711 1 2 _a"Развитие инфраструктуры внутреннего водного транспорта: традиции, инновации", межвузовская научно-практическая конференция студентов, аспирантов и молодых ученых
_eСанкт-Петербург
_f2022
_9872904
_3RU\NLR\AUTH\880601053
712 0 2 _4475
_aГосударственный университет морского и речного флота им. С. О. Макарова
_cСанкт-Петербург
_9367374
_3RU\NLR\AUTH\8810240747
852 _aNLR
_j2023-3/24700
942 _cBOOK